NHL:n suomalaiset kapteenit - Statistics

Yleistilastot
  • Tätä visaa on pelattu 426 kertaa
  • Keskiarvotulos 6 / 8
Vastaustilastot
% Oikein
Florida Panthers 2018- AleksanderBarkov
98%
Anaheim Ducks 1997-1998 TeemuSelänne
96%
Minnesota Wild 2009-2020 MikkoKoivu
95%
Montreal Canadiens 1999-2009 SakuKoivu
95%
Florida Panthers 2003-2008 OlliJokinen
82%
Nashville Predators 2006-2007 KimmoTimonen
64%
Phoenix Coyotes 2001-2003 TeppoNumminen
61%
Buffalo Sabres 2007 ToniLydman
24%
Ehtoja vastaavia visoja ei löytynyt
Tulosjakauma
Jokaisen tuloksen saaneiden osuus
Persentiili vastausten määrän mukaan
Tuloshistoriasi
Et ole pelannut tätä visaa